[Event "Benidorm 2002 - sub2300"]
[Site "Benidorm ESP"]
[Date "2002.11.30"]
[Round "9.13"]
[White "Garcia Conesa, Gregorio"]
[Black "Ortells Perez, Victor Manuel"]
[Result "0-1"]
[WhiteElo "2266"]
[BlackElo "2132"]
[PlyCount "64"]
[EventDate "2002.11.22"]
[EventType "swiss"]
[EventRounds "9"]
[EventCountry "ESP"]
[Source "lmi"]
[SourceDate "2002.11.24"]

1. d4 g6 2. e4 Bg7 3. Nf3 d6 4. h3 Nd7 5. Nc3 a6 6. a4 c6 7. Be2 a5 8. O-O e5
9. dxe5 dxe5 10. Be3 Qe7 11. Qd2 Ngf6 12. Rfe1 O-O 13. Bh6 Bxh6 14. Qxh6 Rd8
15. Bc4 Re8 16. Ng5 Rf8 17. Rad1 Nb6 18. Bb3 Be6 19. Nxe6 fxe6 20. Qe3 Nfd7 21.
Rd2 Nc5 22. Red1 Rf4 23. Rd6 Nxb3 24. cxb3 Nd5 25. Qc5 Nxc3 26. bxc3 Rxe4 27.
f3 Re2 28. Kf1 Rc2 29. Qxe5 Rf8 30. Rxe6 Qh4 31. Qe3 Qg3 32. Rd2 Rc1+ 0-1

[Event "Benidorm 2002 - sub2300"]
[Site "Benidorm ESP"]
[Date "2002.11.30"]
[Round "9.14"]
[White "Picazo Lopez, Juan Antonio"]
[Black "Madina, Martin"]
[Result "1/2-1/2"]
[WhiteElo "2051"]
[BlackElo "2240"]
[PlyCount "160"]
[EventDate "2002.11.22"]
[EventType "swiss"]
[EventRounds "9"]
[EventCountry "ESP"]
[Source "lmi"]
[SourceDate "2002.11.24"]

1. d4 Nf6 2. c4 c5 3. d5 e5 4. Nc3 d6 5. e4 Be7 6. Bd3 Nbd7 7. Nge2 Nf8 8. a3
Ng6 9. Ng3 Nf4 10. O-O g6 11. Nge2 N6h5 12. Nxf4 Nxf4 13. Ne2 g5 14. b4 h5 15.
bxc5 dxc5 16. Bb2 Bd6 17. Rb1 h4 18. Bc3 Qd7 19. Rb2 Rh6 20. Bc2 Kf8 21. Nxf4
gxf4 22. Kh1 Qe7 23. Bd3 Qg5 24. Rg1 Bc7 25. f3 Qd8 26. Qd2 Ra6 27. Ra1 Ba5 28.
Rb3 Bxc3 29. Qxc3 Qg5 30. Rb5 Rg6 31. Rg1 b6 32. Rb2 Bd7 33. Qe1 Ke7 34. Qf2
Rh8 35. Ra2 Rhg8 36. Rga1 Kd6 37. Rb1 Kc7 38. Raa1 Rh8 39. Ra2 Qe7 40. a4 a5
41. Raa1 Rhg8 42. Bc2 Rg3 43. Rd1 Qd6 44. Rdb1 Qg6 45. Rd1 Qd6 46. Rdb1 Qe7 47.
Rd1 Kd6 48. Rdb1 Qd8 49. Rd1 R3g6 50. Rdb1 Kc7 51. Rd1 R8g7 52. Rg1 Qg8 53.
Rad1 h3 54. gxh3 Bxh3 55. Rxg6 Rxg6 56. Rg1 Kd6 57. Rxg6+ Qxg6 58. Qg1 Qh5 59.
Qf2 Qg5 60. Bd3 Bd7 61. Bc2 f6 62. Qe1 Qh5 63. Qf2 Qh3 64. Kg1 Be8 65. Qg2 Qh4
66. Qf2 Qg5+ 67. Qg2 Bh5 68. Qxg5 fxg5 69. Bd1 Bg6 70. Bc2 Ke7 71. Kg2 Be8 72.
h4 Kf6 73. hxg5+ Kxg5 74. Bd1 Bd7 75. Bc2 Kh4 76. Bd1 Bh3+ 77. Kf2 Kg5 78. Bc2
Kf6 79. Bd1 Bd7 80. Kg2 Kg5 1/2-1/2

[Event "Benidorm 2002 - sub2300"]
[Site "Benidorm ESP"]
[Date "2002.11.30"]
[Round "9.15"]
[White "Garcia Amoros, Pablo"]
[Black "Fenollar Jorda, Manuel"]
[Result "0-1"]
[WhiteElo "2162"]
[BlackElo "2235"]
[PlyCount "48"]
[EventDate "2002.11.22"]
[EventType "swiss"]
[EventRounds "9"]
[EventCountry "ESP"]
[Source "lmi"]
[SourceDate "2002.11.24"]

1. e4 e5 2. Nf3 Nc6 3. Bb5 a6 4. Ba4 Nf6 5. O-O b5 6. Bb3 Bc5 7. c3 d6 8. d4
Bb6 9. h3 O-O 10. Bg5 h6 11. Bd5 Bb7 12. Bh4 g5 13. Nxg5 hxg5 14. Bxg5 Kg7 15.
f4 exd4 16. Kh1 Qd7 17. e5 Nxd5 18. Qh5 f5 19. Bh6+ Kh8 20. Bxf8+ Qh7 21. Qh6
Qxh6 22. Bxh6 Rg8 23. cxd4 Nxd4 24. Nd2 Ne3 0-1

[Event "Benidorm 2002 - sub2300"]
[Site "Benidorm ESP"]
[Date "2002.11.30"]
[Round "9.16"]
[White "Gonzalez Aguirre, Luis"]
[Black "Milla de Marco, Carlos"]
[Result "1-0"]
[WhiteElo "2232"]
[BlackElo "2041"]
[PlyCount "145"]
[EventDate "2002.11.22"]
[EventType "swiss"]
[EventRounds "9"]
[EventCountry "ESP"]
[Source "lmi"]
[SourceDate "2002.11.24"]

1. c4 f5 2. Nc3 Nf6 3. Nf3 d6 4. g3 g6 5. Bg2 Bg7 6. O-O O-O 7. d3 Nc6 8. Rb1
e5 9. Bg5 h6 10. Bxf6 Qxf6 11. Nd5 Qf7 12. Nd2 Nd8 13. Qc2 c6 14. Nc3 Be6 15.
b4 Rc8 16. b5 d5 17. bxc6 bxc6 18. Na4 Qe7 19. Qb3 e4 20. Qb4 c5 21. Qa3 dxc4
22. dxe4 fxe4 23. Rbc1 Bg4 24. Rxc4 Qd7 25. Qe3 Bd4 26. Qxe4 Be6 27. Qxg6+ Qg7
28. Qxg7+ Kxg7 29. Rc2 Bf5 30. Rcc1 Bd7 31. Nc3 Rb8 32. Nc4 Rb4 33. Nd5 Ra4 34.
e3 Bb5 35. Rfd1 Bf6 36. Nd6 Bc6 37. Rd2 Be5 38. Nc4 Bb8 39. Nf4 Kh7 40. Bxc6
Nxc6 41. Rd7+ Kg8 42. a3 Rxc4 43. Rxc4 Ne5 44. Rxc5 Nxd7 45. Rc6 Ne5 46. Rxh6
Nc4 47. Ra6 Bxf4 48. exf4 Rf7 49. Kg2 Nb6 50. Kf3 Kg7 51. g4 Rc7 52. g5 Nd7 53.
Kg4 Nb8 54. Ra4 a6 55. h4 Rc6 56. h5 Nd7 57. h6+ Kh7 58. Re4 Nf6+ 59. gxf6 Rxf6
60. f5 Rxh6 61. Re7+ Kg8 62. Re6 Rh2 63. Rxa6 Rxf2 64. Ra7 Rg2+ 65. Kf4 Rf2+
66. Kg5 Kf8 67. Kf6 Kg8 68. a4 Rc2 69. a5 Rc6+ 70. Kg5 Rc5 71. Kg6 Kf8 72. f6
Rc8 73. Rh7 1-0

[Event "Benidorm 2002 - sub2300"]
[Site "Benidorm ESP"]
[Date "2002.11.30"]
[Round "9.17"]
[White "Buxade Roca, Guillermo"]
[Black "Rodrigues, Afonso"]
[Result "1/2-1/2"]
[WhiteElo "2179"]
[BlackElo "2218"]
[PlyCount "160"]
[EventDate "2002.11.22"]
[EventType "swiss"]
[EventRounds "9"]
[EventCountry "ESP"]
[Source "lmi"]
[SourceDate "2002.11.24"]

1. e4 d5 2. exd5 Nf6 3. d4 Bg4 4. Be2 Bxe2 5. Qxe2 Qxd5 6. Nf3 e6 7. O-O Nc6 8.
Nc3 Nxd4 9. Nxd4 Qxd4 10. Qb5+ Qd7 11. Qxb7 Rd8 12. Bg5 Bd6 13. Rad1 c6 14.
Qxd7+ Rxd7 15. Bxf6 gxf6 16. Ne4 Be5 17. Rxd7 Kxd7 18. Rd1+ Ke7 19. b3 f5 20.
Nc5 Bd6 21. Na4 e5 22. Nb2 h5 23. Nc4 Bc7 24. Kf1 e4 25. Re1 Kf6 26. h3 Rd8 27.
a4 Rd5 28. Ne3 Re5 29. Nc4 Rd5 30. Ne3 Rd2 31. Rd1 Rxd1+ 32. Nxd1 Ke5 33. Ke2
f4 34. c3 Kd5 35. Kd2 Bb6 36. Ke2 Ba5 37. Kd2 Ke5 38. Ke2 Kf5 39. b4 Bc7 40.
Nb2 Ke5 41. Kd2 Kd5 42. Nd1 a6 43. Nb2 f5 44. f3 Bb6 45. Kc2 Bf2 46. Kd2 Bh4
47. Ke2 Bf6 48. Kd2 Bh4 49. Ke2 Bg3 50. Kd2 Bf2 51. Ke2 Be3 52. Kd1 Bb6 53. Kd2
Bc7 54. Kc2 Ke6 55. Kd2 Kf6 56. Ke2 Be5 57. Nd1 Ke6 58. Kd2 Bg7 59. Nb2 Bf6 60.
Kc2 Be5 61. Kd2 Kf6 62. Nd1 exf3 63. gxf3 Kg5 64. c4 Bd6 65. b5 cxb5 66. cxb5
axb5 67. axb5 Kh4 68. Nf2 Kg3 69. Ke2 Bc7 70. Nd3 Kxh3 71. b6 Bd6 72. Kf2 Kh2
73. b7 Bb8 74. Nc5 Ba7 75. Kf1 Kg3 76. Ne6 h4 77. Nd4 h3 78. Nxf5+ Kxf3 79.
Nd4+ Ke4 80. Ne6 Kf5 1/2-1/2

[Event "Benidorm 2002 - sub2300"]
[Site "Benidorm ESP"]
[Date "2002.11.30"]
[Round "9.18"]
[White "Coll Enriquez, Lluis"]
[Black "Daude Puvill, Antonio"]
[Result "0-1"]
[WhiteElo "2214"]
[BlackElo "2178"]
[PlyCount "54"]
[EventDate "2002.11.22"]
[EventType "swiss"]
[EventRounds "9"]
[EventCountry "ESP"]
[Source "lmi"]
[SourceDate "2002.11.24"]

1. e4 d6 2. d4 Nf6 3. Nc3 c6 4. g3 Qc7 5. Bg2 e5 6. Nge2 h5 7. h3 Be6 8. Be3
Be7 9. Qd2 Nbd7 10. b3 a6 11. a4 Rc8 12. f4 Nb8 13. f5 Bd7 14. O-O b5 15. b4 c5
16. bxc5 exd4 17. Nxd4 dxc5 18. Bf4 Qb6 19. a5 Qa7 20. Nb3 c4+ 21. Be3 Qc7 22.
Bb6 Qxg3 23. Rf3 Qe5 24. Bd4 Qc7 25. e5 b4 26. exf6 Bxf6 27. Bxf6 Kf8 0-1

[Event "Benidorm 2002 - sub2300"]
[Site "Benidorm ESP"]
[Date "2002.11.30"]
[Round "9.19"]
[White "Barcelo Pujadas, Pedro"]
[Black "Burriel Rosello, Carlos"]
[Result "1/2-1/2"]
[WhiteElo "2210"]
[BlackElo "2176"]
[PlyCount "92"]
[EventDate "2002.11.22"]
[EventType "swiss"]
[EventRounds "9"]
[EventCountry "ESP"]
[Source "lmi"]
[SourceDate "2002.11.24"]

1. Nf3 f5 2. c4 Nf6 3. g3 g6 4. Bg2 Bg7 5. O-O O-O 6. Nc3 d6 7. d4 Nc6 8. d5
Ne5 9. Nxe5 dxe5 10. c5 a6 11. e4 fxe4 12. Qb3 Kh8 13. Bg5 h6 14. Bxf6 exf6 15.
Nxe4 f5 16. Nc3 Rb8 17. Rad1 Rf6 18. Rfe1 Qe8 19. d6 cxd6 20. Nd5 Rf7 21. cxd6
Be6 22. Qb6 Bxd5 23. Bxd5 Rd7 24. Bb3 Qd8 25. Qb4 Bf8 26. Rxe5 Rxd6 27. Rde1
Rd1 28. Qc4 Rxe1+ 29. Rxe1 Bg7 30. Qf7 Qf6 31. Qc7 Qd8 32. Qf7 Qf6 33. Qc4 Qxb2
34. Qc7 Rf8 35. Re7 f4 36. gxf4 b5 37. Rf7 Re8 38. f5 gxf5 39. Qc2 Qa1+ 40. Kg2
Qd4 41. Qxf5 Qe4+ 42. Qxe4 Rxe4 43. Ra7 Bd4 44. Rxa6 Kg7 45. Re6 Rxe6 46. Bxe6
b4 1/2-1/2

[Event "Benidorm 2002 - sub2300"]
[Site "Benidorm ESP"]
[Date "2002.11.30"]
[Round "9.20"]
[White "Bustamante Montoni, Richard"]
[Black "Ramirez Gonzalez, Joan Albert"]
[Result "1-0"]
[WhiteElo "2210"]
[BlackElo "2173"]
[PlyCount "49"]
[EventDate "2002.11.22"]
[EventType "swiss"]
[EventRounds "9"]
[EventCountry "ESP"]
[Source "lmi"]
[SourceDate "2002.11.24"]

1. Nf3 d5 2. d4 Nf6 3. c4 e6 4. Nc3 Be7 5. Bg5 O-O 6. e3 Nbd7 7. Bd3 c5 8. cxd5
Nxd5 9. Bxe7 Qxe7 10. O-O b6 11. Nxd5 exd5 12. Bf5 Nf6 13. Qc2 Bxf5 14. Qxf5
Qe4 15. Qg5 Rac8 16. dxc5 bxc5 17. Rfd1 h6 18. Qe5 Qxe5 19. Nxe5 Rb8 20. b3
Rfd8 21. Nc6 Rbc8 22. Nxd8 Rxd8 23. Rac1 d4 24. Rxc5 d3 25. Rc4 1-0